| 000 | 00785ntm a22002057a 4500 | ||
|---|---|---|---|
| 005 | 20170809142729.0 | ||
| 008 | 170802s2012 xx a frb 000 0 eng d | ||
| 040 |
_aEG-ScBUE _beng _cEG-ScBUE |
||
| 082 | 0 | 4 |
_a624 _bABB _222 |
| 100 | 1 | _aAbbassi, Mohamed Khaled Mohamed. | |
| 245 | 1 | 0 |
_aColor, printed and exposed aggregate concrete applications in concrete / _cMohamed Khaled Mohamed Abbassi. |
| 260 | _c2012. | ||
| 300 |
_a1v. : _bill. ; _c28 cm. |
||
| 500 | _aA dissertation submitted to the faculty of engineering, The British University in egypt, in partial fulfillment of the requirements for the bachelor degree in civil engineering. | ||
| 590 | _amai allam | ||
| 650 | 7 |
_2BUEsh _aCivil Engineering. _vProjects |
|
| 653 |
_bENGCIV _cAugust2017 |
||
| 655 | _vSPRO | ||
| 942 | _2ddc | ||
| 999 |
_c25248 _d25220 |
||